Online
Catalog

Historia de la Liga Deportiva Interbancaria del Distrito Nacional (1966-1998). / (Record no. 51562)

MARC details
000 -CABECERA
campo de control de longitud fija 01126nam a2200289 a 4500
003 - IDENTIFICADOR DEL NÚMERO DE CONTROL
campo de control DO-SdBNP
005 - FECHA Y HORA DE LA ÚLTIMA TRANSACCIÓN
campo de control 20220422121228.0
007 - CAMPO FIJO DE DESCRIPCIÓN FÍSICA--INFORMACIÓN GENERAL
campo de control de longitud fija ta
008 - DATOS DE LONGITUD FIJA--INFORMACIÓN GENERAL
campo de control de longitud fija 220422e2016 dr ao||gr|||| 00| 0dspa d
020 ## - NÚMERO INTERNACIONAL ESTÁNDAR DEL LIBRO
Número Internacional Estándar del Libro 9789945481754
040 ## - FUENTE DE LA CATALOGACIÓN
Centro catalogador/agencia de origen DO-SdBNP
Lengua de catalogación spa
Centro/agencia transcriptor BNPHU
082 #4 - NÚMERO DE LA CLASIFICACIÓN DECIMAL DEWEY
Número de edición 22
Número de documento/Ítem S718h
100 1# - ENTRADA PRINCIPAL--NOMBRE DE PERSONA
9 (RLIN) 55167
Nombre de persona Soto Tejeda, Marcos,
Fechas asociadas al nombre 1939-
245 10 - MENCIÓN DE TÍTULO
Título Historia de la Liga Deportiva Interbancaria del Distrito Nacional (1966-1998). /
Mención de responsabilidad, etc. Marcos Soto Tejeda; Ilustraciones y fotos, Dagoberto Flete y Joselito Rodríguez.
260 ## - PUBLICACIÓN, DISTRIBUCIÓN, ETC.
Lugar de publicación, distribución, etc. Santo Domingo :
Nombre del editor, distribuidor, etc. Centenario,
Fecha de publicación, distribución, etc. 2016
300 ## - DESCRIPCIÓN FÍSICA
Extensión 239 p. :
Otras características físicas il., fotogr.
Dimensiones 22 cm.
500 ## - NOTA GENERAL
Nota general Incluye datos biográficos del autor.
590 ## - NOTA LOCAL (RLIN)
Nota local Inventariado 2022 / MF
610 #4 - PUNTO DE ACCESO ADICIONAL DE MATERIA--NOMBRE DE ENTIDAD CORPORATIVA
9 (RLIN) 57681
Nombre de entidad corporativa o nombre de jurisdicción como elemento de entrada Liga Deportiva Interbancaria del Distrito Nacional
Subdivisión general Deportes
650 #4 - PUNTO DE ACCESO ADICIONAL DE MATERIA--TÉRMINO DE MATERIA
9 (RLIN) 26839
Término de materia o nombre geográfico como elemento de entrada Softbol
Subdivisión general Historia
Subdivisión geográfica República Dominicana
650 #4 - PUNTO DE ACCESO ADICIONAL DE MATERIA--TÉRMINO DE MATERIA
9 (RLIN) 18281
Término de materia o nombre geográfico como elemento de entrada Deportes
Subdivisión general Historia
Subdivisión geográfica República Dominicana
700 1# - PUNTO DE ACCESO ADICIONAL--NOMBRE DE PERSONA
9 (RLIN) 80105
Nombre de persona Flete, Dagoberto Antonio,
Fechas asociadas al nombre 1952-
Término indicativo de función/relación il.
700 1# - PUNTO DE ACCESO ADICIONAL--NOMBRE DE PERSONA
Nombre de persona Rodríguez. Joselito,
Término indicativo de función/relación il.
9 (RLIN) 81488
710 1# - PUNTO DE ACCESO ADICIONAL--NOMBRE DE ENTIDAD CORPORATIVA
9 (RLIN) 7760
Nombre de entidad corporativa o nombre de jurisdicción como elemento de entrada Banco Popular de la República Dominicana
910 ## - DATOS DE OPCIÓN DEL USUARIO (OCLC)
Datos de opción del usuario MFeliz
942 ## - ELEMENTOS DE PUNTO DE ACCESO ADICIONAL (KOHA)
Fuente del sistema de clasificación o colocación Dewey Decimal Classification
Tipo de ítem Koha Libro
Holdings
Estado de retiro Estado de pérdida Fuente del sistema de clasificación o colocación Restricciones de uso No para préstamo Código de colección Localización permanente Ubicación/localización actual Ubicación en estantería Fecha de adquisición Fuente de adquisición Total de préstamos Signatura topográfica completa Código de barras Fecha visto por última vez Precio válido a partir de Tipo de ítem Koha
    Dewey Decimal Classification Excluido de préstamo   Dominicana de Servicio Biblioteca Nacional Pedro Henríquez Ureña Biblioteca Nacional Pedro Henríquez Ureña Depósito 12.02.2021 Depósito legal / Editora Búho   S718h 2022-1499 22.04.2022 22.04.2022 Libro

Powered by Koha